| 000 | 00749nam a2200241Ia 4500 | ||
|---|---|---|---|
| 003 | OSt | ||
| 005 | 20220927110510.0 | ||
| 006 | a|||||r|||| 00| 0 | ||
| 007 | ta | ||
| 008 | 220926b |||||||| |||| 00| 0 eng d | ||
| 024 | _a103269 | ||
| 037 | _cReports | ||
| 040 |
_aRTL _cRTL _beng |
||
| 041 |
_2eng _aeng |
||
| 082 | _a"z.2.N61t5:g:X:9585, GD" | ||
| 110 |
_a"India, (Govt Of-)Planning (Commission)" _9378850 |
||
| 245 | 0 | _aLabour and labour welfare schemes in the third five year plan | |
| 260 |
_aDelhi _bManager Of Publication India |
||
| 650 | _aGeneralia | ||
| 700 |
_a"India, (Govt Of-)Planning (Commission)" _9378851 |
||
| 942 |
_h"z.2.N61t5:g:X:9585, GD" _cCC |
||
| 999 |
_c697054 _d697054 |
||